000 00689nam a2200193 a 4500
001 000033853
005 20200930070555.0
008 110913s2009 es 000 0 spa d
020 _a9788479087258
040 _aDO-SdBNP
_bspa
_cBNPHU
100 1 _aSánchez, Pablo
_d1970-
_959270
245 1 3 _aLa emancipación engañosa :
_buna crónica transatlántica del boom, 1963-1972 /
_cPablo Sánchez ; prólogo de Joaquín Marco.
260 _aMurcia :
_bUniversidad de Alicante,
_c2009.
300 _a218 p. :
_bil. ;
_c19 cm.
490 1 _aCuadernos de América sin nombre
_v25
700 1 _aMarco, Joaquín
_epról.
_959271
830 0 _aCuadernos de América sin nombre
_97436
049 _aBNPD
999 _c33344
_d33344